| 000 | 01098na a2200301 4500 | ||
|---|---|---|---|
| 001 | 18387 | ||
| 003 | MIRAKIL | ||
| 005 | 20181213155241.0 | ||
| 008 | 161117b tu 000 0 | ||
| 035 | _a18387 | ||
| 040 |
_aMilas _btur _cTR-AnCHP |
||
| 041 | _atur | ||
| 082 |
_aCHP 324.2172 MYK _bM36 1993 |
||
| 090 | _aCHP 324.2172 MYK M36 1993 | ||
| 240 | _aMerkez Yönetim Kurulu çalışma programı | ||
| 245 | _a19 Nisan 1993 tarihli Parti Meclisinde kabul edilen Merkez Yönetim Kurulu çalışma programı | ||
| 246 | _aMerkez Yönetim Kurulu çalışma programı | ||
| 260 |
_aAnkara _b[CHP] _c1993 |
||
| 300 |
_a63 s. _btbl. _c19 sm. |
||
| 490 | _aCumhuriyet Halk Partisi Merkez Yönetim Kurulu yayınları | ||
| 505 | _aMerkez Yönetim Kurulu çalışma programı = Kurultay kararları | ||
| 610 |
_aCHP MYK _xÇalışma raporları |
||
| 610 |
_aCumhuriyet Halk Partisi (CHP) _bMerkez Yönetim Kurulu ( MYK) _xProgramlar, 1993 |
||
| 740 | _aCHP Kurultay kararları | ||
| 740 | _aMerkez Yönetim Kurulu çalışma programı | ||
| 830 | _aCHP yayınları | ||
| 942 |
_2ddc _cBKS |
||
| 999 |
_c9269 _d9269 |
||